Sign of Salvation : The Sacred Heart of Jesus /

Đã lưu trong:
Chi tiết về thư mục
Tác giả chính: Glotin, Edouard (autor)
Tác giả khác: Moell, Carl J. (traducción) (traducción)
Định dạng: Sách
Ngôn ngữ:Tiếng Anh
Được phát hành: New Hyde Park, EUA : Apostleship of Prayer, 1989, c1983
Các nhãn: Thêm thẻ
Không có thẻ, Là người đầu tiên thẻ bản ghi này!

MARC

LEADER 00000nam^a2200000^a^4500
001 000578444
005 20250521000000.0
009 20260310132509.999
020 |a 0-901335-86-X 
037 |a Acervo Xavier Clavigero 
041 |a ING 
091 |a FIP. 01194 
100 |a Glotin, Edouard  |e (autor) 
245 1 0 |a Sign of Salvation :  |b The Sacred Heart of Jesus / 
264 4 |a New Hyde Park, EUA :  |b Apostleship of Prayer,  |c 1989, c1983 
300 |a 31 p. 
336 |a texto  |b txt  |2 rdacontenido 
337 |a sin mediación  |b n  |2 rdamedio 
338 |a volumen  |b nc  |2 rdasoporte 
649 |a XX 
700 |a Moell, Carl J.  |e (traducción) 
910 |a Fondo Manuel Ignacio Pérez Alonso S.J. 
920 |a Impresos - Libros 
930 |a Fondos Especiales 
905 |a 140 
901 |a 0500405098  |b IT2  |c ESP  |i D  |u 20250521 
902 |a https://opac.biblio.iteso.mx/vufind/Record/000578444